000 01204nam0a22002771 4500
001 rc\658402
005 20031121165253.0
035 _a(NLR Aleph) 005897835
090 _a6245181
_c6245181
100 _a20031121d1986 u |0rusy50 ca
101 0 _arus
102 _aRU
105 _aa |||||||||
200 1 _aTurcologica, 1986
_eК 80-летию акад. А.Н. Кононова
_e[Сб. ст.]
_fАН СССР, Отд-ние лит. и яз., Сов. ком. тюркологов, Ин-т востоковедения, Ленингр. отд-ние
_g[Отв. ред. С.Г. Кляшторный и др.]
210 _aЛ.
_cНаука. Ленингр. отд-ние
_d1986
215 _a301, [1] с., [1] л. портр.
_d23
320 _aБиблиогр. в примеч. в конце ст.
517 0 _aТюркологика, 1986
600 1 _aКононов
_bА.Н.
_gАндрей Николаевич
_2psbo
702 1 _aКляшторный
_bС. Г.
_gСергей Григорьевич
_4340
712 0 2 _aСоветский ком. тюркологов
_cМосква
801 0 _aRU
_bNLR
_gpsbo
801 1 _aRU
_bELAR
_2rusmarc
852 _aNLR
_j86-5/4785
942 _cBOOK
980 _aNB